5HLuxD.jpg

KING HENRY VIII SENIOR AND PRIMARY SCHOOL LIBRARY OPAC

Cambridge IGCSE and O Level Business Studies / (Record no. 4373)

000 -LEADER
fixed length control field 01879nam a22002417a 4500
003 - CONTROL NUMBER IDENTIFIER
control field OSt
005 - DATE AND TIME OF LATEST TRANSACTION
control field 20250212093312.0
008 - FIXED-LENGTH DATA ELEMENTS--GENERAL INFORMATION
fixed length control field 250212b ||||| |||| 00| 0 eng d
020 ## - INTERNATIONAL STANDARD BOOK NUMBER
International Standard Book Number 9781510421233
040 ## - CATALOGING SOURCE
Transcribing agency KH8
082 ## - DEWEY DECIMAL CLASSIFICATION NUMBER
Classification number 650 BOR
100 ## - MAIN ENTRY--PERSONAL NAME
Personal name Borrington, Karen,
Relator term author.
245 ## - TITLE STATEMENT
Title Cambridge IGCSE and O Level Business Studies /
Statement of responsibility, etc. Karen Borrington and Peter Stimpson.
260 ## - PUBLICATION, DISTRIBUTION, ETC.
Place of publication, distribution, etc. London ;
Name of publisher, distributor, etc. Hodder Education,
Date of publication, distribution, etc. 2024.
300 ## - PHYSICAL DESCRIPTION
Extent viii, 368 pages :
Other physical details color illustrations ;
Dimensions 28 cm.
500 ## - GENERAL NOTE
General note Include index.
520 ## - SUMMARY, ETC.
Summary, etc. This title is endorsed by Cambridge Assessment International Education to support the full syllabus for examination from 2020.<br/>Discover business theory beyond the classroom by exploring real-world international businesses through case studies; rely on a tried-and-tested Student's Book to ensure full coverage of the latest Cambridge IGCSE and O Level Business Studies syllabuses (0450/0986/7115).<br/>- Encourage understanding with engaging case studies and clear and lively text gradually building content knowledge.<br/>- Develop application and evaluation skills with hundreds of engaging activities and examination-style questions throughout.<br/>- Deepen understanding through systematic syllabus coverage and a spiral structure revisiting material in a structured way.<br/>- Navigate the syllabuses confidently with subject outlines clearly defined at the start of each chapter and syllabus-matching section headings.<br/>- Check understanding with revision checklists enabling reflection, and suggested further practice<br/>- Reinforce learning with selected answers and additional multiple-choice questions as well as a glossary of key terms online.
650 ## - SUBJECT ADDED ENTRY--TOPICAL TERM
Topical term or geographic name entry element Business
Form subdivision coursebook
650 ## - SUBJECT ADDED ENTRY--TOPICAL TERM
Topical term or geographic name entry element Business
Form subdivision problems and solutions
650 ## - SUBJECT ADDED ENTRY--TOPICAL TERM
Topical term or geographic name entry element Business
Form subdivision study and revision guide
700 ## - ADDED ENTRY--PERSONAL NAME
Personal name Stimpson, Peter,
Relator term author.
942 ## - ADDED ENTRY ELEMENTS (KOHA)
Source of classification or shelving scheme
Koha item type Teaching Resources
Holdings
Withdrawn status Lost status Source of classification or shelving scheme Damaged status Not for loan Collection code Permanent Location Current Location Shelving location Date acquired Total Checkouts Full call number Barcode Date due Date last seen Date last checked out Copy number Price effective from Koha item type
          Teaching Resources KH8 Senior School Library KH8 Senior School Library Staff Office 2025-02-12 2 650 BOR TRKHSL006270 2026-07-03 2025-08-28 2025-08-28 1 2025-02-12 Teaching Resources
          Teaching Resources KH8 Senior School Library KH8 Senior School Library Staff Office 2025-02-12   650 BOR TRKHSL006271   2025-02-12   2 2025-02-12 Teaching Resources
          Teaching Resources KH8 Senior School Library KH8 Senior School Library Staff Office 2025-02-12   650 BOR TRKHSL006272   2025-02-12   3 2025-02-12 Teaching Resources
          Teaching Resources KH8 Senior School Library KH8 Senior School Library Staff Office 2025-02-12   650 BOR TRKHSL006273   2025-02-12   4 2025-02-12 Teaching Resources
          Teaching Resources KH8 Senior School Library KH8 Senior School Library Staff Office 2025-02-12   650 BOR TRKHSL006274   2025-02-12   5 2025-02-12 Teaching Resources
          Teaching Resources KH8 Senior School Library KH8 Senior School Library Staff Office 2025-02-12   650 BOR TRKHSL006275   2025-02-12   6 2025-02-12 Teaching Resources
          Teaching Resources KH8 Senior School Library KH8 Senior School Library Staff Office 2025-02-12 2 650 BOR TRKHSL006276 2026-07-03 2025-08-26 2025-08-26 7 2025-02-12 Teaching Resources
          Teaching Resources KH8 Senior School Library KH8 Senior School Library Staff Office 2025-02-12 2 650 BOR TRKHSL006277 2026-07-03 2025-09-11 2025-09-11 8 2025-02-12 Teaching Resources
          Teaching Resources KH8 Senior School Library KH8 Senior School Library Staff Office 2025-02-12 1 650 BOR TRKHSL006278   2025-12-04 2025-02-19 9 2025-02-12 Teaching Resources
          Teaching Resources KH8 Senior School Library KH8 Senior School Library Staff Office 2025-02-12   650 BOR TRKHSL006279   2025-02-12   10 2025-02-12 Teaching Resources
          Teaching Resources KH8 Senior School Library KH8 Senior School Library Staff Office 2025-02-12   650 BOR TRKHSL006280   2025-02-12   11 2025-02-12 Teaching Resources
          Teaching Resources KH8 Senior School Library KH8 Senior School Library Staff Office 2025-02-12   650 BOR TRKHSL006281   2025-02-12   12 2025-02-12 Teaching Resources
          Teaching Resources KH8 Senior School Library KH8 Senior School Library Staff Office 2025-02-12 2 650 BOR TRKHSL006282 2026-07-03 2026-04-08 2026-04-08 13 2025-02-12 Teaching Resources
          Teaching Resources KH8 Senior School Library KH8 Senior School Library Staff Office 2025-02-12   650 BOR TRKHSL006283   2025-02-12   14 2025-02-12 Teaching Resources
          Teaching Resources KH8 Senior School Library KH8 Senior School Library Staff Office 2025-02-12   650 BOR TRKHSL006284   2025-02-12   15 2025-02-12 Teaching Resources
          Teaching Resources KH8 Senior School Library KH8 Senior School Library Staff Office 2025-02-12   650 BOR TRKHSL006285   2025-02-12   16 2025-02-12 Teaching Resources

Powered By KH8 IT Dept